000 00555nam a2200169 i 4500
001 74608
003 ES-MaACL
005 20230906172203.0
007 t|
008 040920s1957 sp ||||1| spa d
100 1 _aGonzález-Mariño, Nicolás.
_958779
245 1 0 _aCursillo general de electrotecnia industrial
_b: curso medio elemental /
_cNicolás González-Mariño.
250 _a6ª ed. (corr. y aum.).
260 _aMadrid :
_bD. A.,
_c1957 (
_fSelecciones Gráficas)
300 _a277 p. :
_bil. ;
_c21 cm.
852 _aES-MaACL
_jC-13631
_bR.31398
999 _c74608
_d74608